Daň za vonkajšiu reklamu - nová miestna daň?

Vonkajšia reklama, jej prejav a výskyt. Vzťah k verejným priestorom, ktoré sú spoľahlivým ukazovateľom kvality demokracie a občianskej spoločnosti. Verejné priestory slúžia celej spoločnosti, nie sú zdrojom podnikania.

Na minha lista:
Detalhes bibliográficos
Autor principal: Neupauerová, Zuzana
Formato: Capítulo de Livro
Idioma:eslovaco
Assuntos:
Tags: Adicionar Tag
Sem tags, seja o primeiro a adicionar uma tag!

MARC

LEADER 00000nla a2200000 4500
001 0175652
005 20240502073010.2
041 0 |a slo 
044 |a SK 
245 1 0 |a Daň za vonkajšiu reklamu - nová miestna daň?  |c Zuzana Neupauerová 
520 |a Vonkajšia reklama, jej prejav a výskyt. Vzťah k verejným priestorom, ktoré sú spoľahlivým ukazovateľom kvality demokracie a občianskej spoločnosti. Verejné priestory slúžia celej spoločnosti, nie sú zdrojom podnikania. 
610 2 0 |a dane miestne 
610 2 0 |a správa daňová 
610 2 0 |a daňovníci 
610 2 0 |a povinnosť daňová 
610 2 0 |a dane 
610 2 0 |a reklama vonkajšia 
100 1 |a Neupauerová, Zuzana